Prosa I

में बचाया:
ग्रंथसूची विवरण
मुख्य लेखक: Del Casal, Julián
स्वरूप: पुस्तक
भाषा:Undetermined
प्रकाशित: La Habana, Cuba Letras cubanas 1979
विषय:
टैग: टैग जोड़ें
कोई टैग नहीं, इस रिकॉर्ड को टैग करने वाले पहले व्यक्ति बनें!

MARC

LEADER 00000nam a2200000Ia 4500
008 170316s9999 xx 000 0 und d
040 |a cru BVZT 
090 |a 860 D-6p v.1 
100 |a Del Casal, Julián 
245 |a Prosa I 
260 |a La Habana, Cuba 
260 |b Letras cubanas 
260 |c 1979 
300 |a 401 páginas 
650 |a LITERATURA LATINOAMERICANA 
999 |c 8633  |d 8633 
942 |c 15 D  |h 860 D-6p v.1  |2 z